Normale Ansicht MARC-Ansicht ISBD

Gefährdete Demokratie : (Titelsatznr. 72190)

[ MARC ]
MARC-Details
000 -Satzkennung
Kontrollfeld mit fester Länge 03542nam a22004213i 4500
001 - Kontrollnummer
Kontrollfeld EBC31689974
003 - Kontrollnummer Identifier
Kontrollfeld MiAaPQ
005 - Datum und Zeit der letzten Transaktion
Kontrollfeld 20250225161106.0
007 - Feld mit fester Länge zur physischen Beschreibung - Allgemeine Information
Kontrollfeld mit fester Länge cr cnu||||||||
008 - Feld mit fester Länge zur physischen Beschreibung - Allgemeine Angaben
Kontrollfeld mit fester Länge 250225s2024 xx o ||||0 ger d
020 ## - Internationale Standardbuchnummer
Internationale Standardbuchnummer 9783657794836
Nähere Angaben (electronic bk.)
020 ## - Internationale Standardbuchnummer
Gelöschte/ungültige ISBN 9783506794833
040 ## - Katalogisierungsquelle
Original-Katalogisierungsstelle MiAaPQ
Katalogisierungssprache eng
Übertragungsstelle MiAaPQ
100 1# - Haupteintragung - Personenname
Personenname Blaschke, Olaf.
Koha-Normdatenidentnummer 65905
245 10 - Titel
Titel Gefährdete Demokratie :
Zusatz zum Titel Rechtskatholizismus in der Weimarer Republik.
250 ## - Ausgabebezeichnung
Ausgabebezeichnung 1st ed.
264 #1 - Produktion, Veröffentlichung, Distribution, Herstellung und Urheberrechtsvermerk
Herstellungs-, Veröffentlichungs- Vertriebs-, Erzeugungsort Boston :
Produzent, Herausgeber, Distributor, Hersteller BRILL,
Datum der Herstellung, der Veröffentlichung, des Vertriebs oder des Urheberschutzvermerks 2024.
264 #4 - Produktion, Veröffentlichung, Distribution, Herstellung und Urheberrechtsvermerk
Datum der Herstellung, der Veröffentlichung, des Vertriebs oder des Urheberschutzvermerks {copy}2024.
300 ## - Physische Beschreibung
Umfang 1 online resource (389 pages)
336 ## - Inhaltstyp
Inhaltstypterm Text
Inhaltstypcode txt
Quelle rdacontent
337 ## - Medientyp
Bezeichnung des Medientyps Computermedien
Medientypcode c
Quelle rdamedia
338 ## - Datenträgertyp
Datenträgertypbezeichnung Online Resource
Datenträgertypcode cr
Quelle rdacarrier
490 1# - Gesamttitelangabe
Gesamttitelangabe Forschungen Zur Regionalgeschichte Series ;
Bandnummer/Folgebezeichnung v.90
500 ## - Allgemeine Fußnote
Allgemeine Fußnote E-Book-ProQuest / Fernzugriff nach Registrierung möglich
505 0# - Fußnote zu strukturierten Inhaltsangaben
Fußnote zu strukturierten Inhaltsangaben Front Cover -- Half Title -- Series Information -- Title Page -- Copyright Page -- Inhalt -- Vorwort -- Einführung -- Kapitel 1 Rechtskatholiken und Zentrumspartei in der Weimarer Republik -- Rechtskatholizismus (1918-1933) - Definition und Abgrenzung -- Kapitel 2 Die Rechtskatholiken als politisches Phänomen in der Weimarer Republik: Ursprünge - Strukturen - Entwicklungen -- Kapitel 3 Existierte in der Weimarer Republik neben dem Nationalprotestantismus auch ein expliziter ‚Rechtsprotestantismus'? -- Kapitel 4 ‚Rechtskatholizismus' in der Weimarer Republik: Zur Karriere eines 68er-Begriffs und zur Frage, was die Zeitgenossen dazu sagten -- Rechtskatholizismus und Amtskirche -- Kapitel 5 Die römische Kurie, Nuntius Eugenio Pacelli und der deutsche Rechtskatholizismus -- Kapitel 6 Kardinal Bertram, das katholische Adelsnetzwerk Schlesiens und der Rechtskatholizismus -- Rheinisch-westfälische Netzwerke -- Kapitel 7 Martin Spahn und die Netzwerke des Rechtskatholizismus im Rheinland und in Westfalen -- Kapitel 8 Zwischen Rechtskatholizismus und Zentrumspartei: Das Beispiel Franz Graf von Galens -- Überregionale und transnationale Perspektiven -- Kapitel 9 Katholisches Denken in der Krise. Das Denken rechter katholischer Intellektueller zwischen 1918 und 1939 in England, Deutschland und Österreich im Vergleich -- Kapitel 10 Volkstum, Glaube und Rechtskatholizismus? Katholische Minderheitsdiskurse zwischen Politik und Religion 1918-1934 -- Kapitel 11 Der italienische Faschismus im Urteil des politischen Katholizismus in der Weimarer Republik -- Gegenwartsperspektiven: Wie viel ‚Katholisches' steckt heute in rechten Strömungen? -- Kapitel 12 Rechtspopulistische Radikalisierungen im konservativ-katholischen Milieu der Bundesrepublik Deutschland.
505 8# - Fußnote zu strukturierten Inhaltsangaben
Fußnote zu strukturierten Inhaltsangaben Kapitel 13 Rechtskatholizismus heute: Fundamentalistische Strömungen im katholischen Glaubensspektrum und Autoritarismus als eine Wurzel fundamentalistischer Religiosität -- Autorinnen und Autoren, Herausgeber und Herausgeberinnen -- Personenregister -- Back Cover.
655 ## - Indexierungsterm - Genre/Form
Genre/Form oder fokussierter Term Fernzugriff
Koha-Normdatenidentnummer 230
655 #4 - Indexierungsterm - Genre/Form
Genre/Form oder fokussierter Term
700 1# - Nebeneintragung - Personenname
Personenname Hitze, Guido.
Koha-Normdatenidentnummer 65906
700 1# - Nebeneintragung - Personenname
Personenname Körber, Manfred.
Koha-Normdatenidentnummer 65907
700 1# - Nebeneintragung - Personenname
Personenname Köster, Markus.
Koha-Normdatenidentnummer 65908
700 1# - Nebeneintragung - Personenname
Personenname Mölich, Georg.
Koha-Normdatenidentnummer 65909
700 1# - Nebeneintragung - Personenname
Personenname Paulus, Julia.
Koha-Normdatenidentnummer 65910
776 08 - Andere physische Form
Verweisungsphrase Print version:
Haupteintragung Blaschke, Olaf
Titel Gefährdete Demokratie
Ort, Verlag und Erscheinungsjahr Boston : BRILL,c2024
Internationale Standardbuchnummer 9783506794833
830 #0 - Nebeneintragung unter dem Gesamttitel - Einheitstitel
Einheitstitel Forschungen Zur Regionalgeschichte Series
Koha-Normdatenidentnummer 65911
856 40 - Elektronische Adresse und Zugriff
URL <a href="https://ebookcentral.proquest.com/lib/maxweberstiftung-ebooks/detail.action?docID=31689974">https://ebookcentral.proquest.com/lib/maxweberstiftung-ebooks/detail.action?docID=31689974</a>
OPAC-Notiz Volltext
942 ## - Zusätzliche Felder (Koha)
Koha-Medientyp E-Books
Exemplare
Ausgeschieden Verloren Klassifikation oder Aufstellungssystematik Beschädigt Nicht entleihbar Heimatbibliothek Aufenthaltsbibliothek Aufstellungsort Erwerbungsdatum Inventarnummer Signatur Barcode Letzte Aktivität Preis gültig von Koha-Medientyp
    Andere/Generische Klassifikation     MWN Osteuropa MWN Osteuropa Online-Ressource 25/02/2025 25-e00266 E-25-e00266 75100 25/02/2025 25/02/2025 E-Books